LEADER 01523nam a2200313 i 4500 001 000000076625 003 CaOOAMICUS 005 20010328000000.0 008 010328s2000 fr u000 u fre u 013 $a47797 020 $a2-204-06435-1 040 $aSeMil$bita 100 1 $aBirmelé, André,$d<1949- >.$0(OLS)http://semarc/name/32769 245 13$aLa communion ecclésiale :$bprogrès oecuméniques et enjeux méthodologiques /$cAndré Birmelé. 260 $aGenève :$bLabor et Fides,$c2000. 260 $aParis :$bLes Éditions du Cerf,$c2000. 300 $a401 p. ;$c22 cm. 490 0 $aCogitatio Fidei [Cerf]v218 500 $aIn mezzo al front : Publié avec le concours de l'Université Marc Bloch Faculté de théologie protestante de Strasbourg et de la Fédératin luthérienne mondiale (Genève). 650 4$aEcumenismo.$0(OLS)http://semarc/subject/3071 650 4$aGiustificazione.$0(OLS)http://semarc/subject/5986 830 0$aCogitatio Fidei ;$v218.$0(OLS)http://semarc/title/206 850 $aSeMil 852 $aSeMil$W1$xVenegono$y1$m2BA N 218$j42777$B42777$CSeMilBibl$Z2$F42694 $81 961 $aAcquisto: SODIS 996 $6020$a2-204-06435-1$9(OLS)http://semarc/number/57656 996 $6245$aLa communion ecclésiale :$bprogrès oecuméniques et enjeux méthodologiques$9(OLS)http://semarc/title/124248 996 $6260$aParis :$bLes Éditions du Cerf$9(OLS)http://semarc/publisher/29611 996 $6260$aGenève :$bLabor et Fides$9(OLS)http://semarc/publisher/31164 LEADER 01040nam a2200265 i 4500 001 000000069938 003 CaOOAMICUS 005 20260407125158.0 008 080529s1966 it u000 u ita u 013 $a41110 040 $aSeMil$bita 100 1 $aSpirito, Ugo <1896-1979>.$0(OLS)http://semarc/name/1366 245 10$aDal mito alla scienza /$cUgo Spirito. 260 $aFirenze :$bSansoni,$c1966. 300 $a423 p. ;$c21 cm. 650 4$aArte e scienza.$0(OLS)http://semarc/subject/6808 650 4$aMetafisica.$0(OLS)http://semarc/subject/188 650 4$aScienze e filosofia.$0(OLS)http://semarc/subject/421 650 4$aFilosofia e arte.$0(OLS)http://semarc/subject/13904 650 4$aAttualismo - Filosofia.$0(OLS)http://semarc/subject/3649 850 $aSeMil 852 $aSeMil$W1$xVenegono$y1$m2P I 416$j36091$B36091$CSeMilBibl$Z2$F36094 $81 996 $6245$aDal mito alla scienza$9(OLS)http://semarc/title/112151 996 $6260$aFirenze :$bSansoni$9(OLS)http://semarc/publisher/29843